Statistiken für Alle Filme von Martin Scorsese

Klicken Sie hier um das Quiz zu spielen!

Allgemein

  • Dieses Quiz wurde 63 mal gespielt
    (26 seit der letzten Aktualisierung)
  • Das Durchschnittsergebnis liegt bei 12 aus 26

Antwortstatistiken

FilmJahr% Korrekt
Taxi Driver1976
91%
Good Fellas - Drei Jahrzehnte in der Mafia1990
86%
The Irishman2019
86%
The Wolf of Wall Street2013
82%
Casino1995
77%
Shutter Island2010
77%
Departed - Unter Feinden2006
73%
Aviator2004
59%
Killers of the Flower Moon2023
59%
Gangs of New York2002
55%
Wie ein wilder Stier1980
55%
The King of Comedy1982
45%
Hexenkessel1973
41%
New York, New York1977
41%
Silence2016
41%
Hugo Cabret2011
36%
Kap der Angst1991
32%
Die letzte Versuchung Christi1988
27%
Kundun1997
27%
Alice lebt hier nicht mehr1974
23%
Bringing Out the Dead - Nächte der Erinnerung1999
23%
Zeit der Unschuld1993
23%
Die Farbe des Geldes1986
14%
Die Faust der Rebellen1972
14%
Die Zeit nach Mitternacht1985
14%
Wer klopft denn da an meine Tür?1967
9%

Verteilung der Resultate

Perzentil nach korrekt beantworteten Fragen

Anzahl Personen mit jedem Resultat

Ihre Resultats-Entwicklung

Sie haben dieses Quiz seit der letzten Aktualisierung nicht gespielt